000 00548nam a22001697a 4500
003 MACL
005 20160513111958.0
008 160513b xxu||||| |||| 00| 0 eng d
040 _cMACL
041 _aHindi
082 _a891.431 PRA
100 _aप्रभाकर, चन्‍द्र
_956587
245 _aऑखें नम हैं
_cचन्‍द्र प्रभाकर
260 _aनई दिल्‍ली
_bसूर्यप्रभा प्रकाशन
_c2009
650 _aPoetry
_956588
942 _2ddc
_cBK
999 _c53962
_d53962